000 00832nam a2200229Ii 4500
003 JO-AjNU
008 230605s9999||||xx |||||||||||||| ||und||
020 _a1841170224
040 _aJO-AjNU
_bara
_erda
_cJO-AjNU
041 _aara
050 1 4 _aBP161.2.Y3388 1999
100 3 _aمحمد،يحيى,
_eauthor
_924499
245 0 0 _aمدخل الى فهم الإسلام: الفكر الإسلامي نظمه- أدواته- أصوله
250 _aط1
264 3 1 _aلندن-بيروت: مؤسسة الانتشار العربي، 1999
300 _a471ص
_bيشتمل على المصادر(ص455-471)
336 _atext
_btxt
_2rdacontent
337 _aunmediated
_bn
_2rdamedia
338 _avolume
_bnc
_2rdacarrier
490 0 _aالمنهج في فهم الاسلام1
650 4 _aالفلسفة الاسلامية
_924500
999 _aA9032
_c12600
_d12600